القضاء الإداري : (Record no. 27036)
[ view plain ]
| 000 -الفاتح | |
|---|---|
| حقل البيانات ثابتة الطول | 01146nam a22002295a 4500 |
| 003 - محدد رقم الضبط | |
| رقم الضبط | EG-ScBUE |
| 005 - وقت وتاريخ اخر تعامل مع التسجيلة | |
| رقم الضبط | 20181210150705.0 |
| 008 - عناصر البيانات ثابتة الطول - معلومات عامة | |
| حقل البيانات ثابتة الطول | 181210s2016 ua frb 000 0 ara d |
| 040 ## - مصدر الفهرسة | |
| وكالة الفهرسة الأصلية | EG-ScBUE |
| لغة الفهرسة | ara |
| وكالة النسخ | EG-ScBUE |
| وكالة التعديل | EG-ScBUE |
| 043 ## - رمز المنطقة الجغرافية | |
| رمز المنطقة الجغرافية | f-ua--- |
| 082 04 - رقم تصنيف ديوى العشرى | |
| رقم التصنيف | 342.620664 |
| رقم المادة | ح ل و |
| رقم الطبعة | 22 |
| 100 1# - المدخل الرئيسى - إسم شخصى | |
| الإسم الشخصى | حلو، ماجد راغب. |
| 245 12 - بيان العنوان | |
| العنوان | القضاء الإداري : |
| بقية العنوان | مبدأ المشروعية - لجان التوفيق في المنازعات الإدارية - تنظيم القضاء الإداري - اختصاص القضاء الإداري - ولاية القضاء الإداري - قضاء الإلغاء - قضاء التعويض - قضاء التأديب - قضاء التسوية - الطعن في الأحكام - ديوان المظالم / |
| بيان المسئوليه,etc | ماجد راغب الحلو. |
| 260 ## - PUBLICATION, DISTRIBUTION, ETC. (IMPRINT) | |
| مكان الناشر او الموزع | الإسكندرية : |
| اسم الناشر او الموزع | دار الجامعة الجديدة، |
| تاريخ النشر أو التوزيع | 2016. |
| 300 ## - الوصف المادى | |
| التعداد | 624 ص. ؛ |
| أبعاد الوعاء | 24 سم. |
| 504 ## - تبصرة ببليوجرافية | |
| تبصرة ببليوجرافية,الخ | يشتمل على إرجاعات ببليوجرافية. |
| 650 #7 - المدخل الاضافى بالموضوع-مصطلح موضوعى | |
| مصطلح موضوعي أو اسم جغرافي كعنصر مدخل | القضاء الإداري |
| التقسيم الفرعي الجغرافي | مصر. |
| مصدر الرأس أو المصطلح | BUEsh |
| 651 ## - المدخل الاضافى بالموضوع - اسم جغرافى | |
| مصدر الرأس أو المصطلح | BUEsh |
| 653 ## - مصطلح تكشيفى غير مقيد | |
| Resource For college | Law |
| Arrived date list | December2018 |
| 655 ## - مصطلح تكشيفى-نوع/شكل | |
| التقسيم الفرعي الشكلي | Reading book |
| 942 ## - عناصر المدخل الإضافي( كوها) | |
| مصدر التصنيف او مخطط الترفيف | Dewey Decimal Classification |
| حالة التراجع | حالة الفقد | مصدر التصنيف او خطة الترفيف | تحديد مواد ( مجلدات مجمعه أو جزء أخر) | حالة تلف | ليس للاعارة | مجموعات كوها | المكان الدائم | المكان الحالي | موقع الترفيف | تاريخ الاكتساب | Source of acquisition | سعر الشراء الطبيعي | رقم الاستدعاء | الباركود | Date last seen | نوع الوعاء | مُعار | Date last checked out |
|---|---|---|---|---|---|---|---|---|---|---|---|---|---|---|---|---|---|---|
| Dewey Decimal Classification | BOX07 | Damaged | Baccah | Central Library | Central Library | First floor | 10/12/2018 | Purchase | 120.00 | 342.620664 ح ل و | 000044051 | 24/08/2022 | NB - Book (Non borrowing) | |||||
| Dewey Decimal Classification | Baccah | Central Library | Central Library | First floor | 10/12/2018 | Purchase | 120.00 | 342.620664 ح ل و | 000044052 | 03/12/2025 | Book - Borrowing | 22/11/2025 | ||||||
| Dewey Decimal Classification | Baccah | Central Library | Central Library | First floor | 10/12/2018 | Purchase | 120.00 | 342.620664 ح ل و | 000044053 | 30/09/2025 | Book - Borrowing | 30/09/2025 | 30/10/2025 |